Контактът. Отговорът (Запис номер 348440)
[ съкратено ]
| 000 -Лидер | |
|---|---|
| Контролно поле с фиксирана дължина | 01299nam a22002897a 4500 |
| 003 - Код на организацията, давaща контролен номер | |
| Контролно поле | BLK |
| 005 - Дата и час на последна редакция | |
| Контролно поле | 20250606093746.0 |
| 008 - Елементи от данни с фиксирана дължина | |
| fixed length control field | 200205b bu ||||| |||| 00| 0 bu d |
| 020 ## - Международен стандартен номер на книга ISBN | |
| Международен стандартен номер на книга ISBN | 9786191643141 |
| 040 ## - Източник на каталожния запис | |
| Идентификатор на билиотеката - собственик на записа | BLK |
| 041 ## - Код за език | |
| Код за езика на текст/звукозапис или на отделно заглавие | Български |
| Код за езика КДБФ | Български |
| 080 ## - УДК | |
| Текстов определител УДК | Българска литература |
| УДК код - определител по УДК | 821.163.2 |
| УДК определител | -31 |
| УДК - код + определител | 821.163.2-31 |
| 100 ## - Редна дума - Автор | |
| Автор | Филипова, Людмила Орлинова |
| Дати, свързани с автора | 1977- |
| Автор - информация (биография) | Писател. Икономист. Магистър по астрономия. Журналист |
| R(LIN) | 277447 |
| 139 ## - Редно поле | |
| Редна дума | Филипова, Людмила Орлинова |
| Авторски знак | Фили - Ф 50 |
| 245 ## - Сведения за заглавието | |
| Заглавие | Контактът. Отговорът |
| Редно поле (дума) | Ред. Иван Генов ; науч. ред. Десислава Антонова |
| 260 ## - Област на издателските данни | |
| 9 (RLIN) | 215899 |
| Място на издаване, разпространение и проч. | София |
| Име на издателя, разпространителя и проч. | Enthusiast |
| Година на издаване | 2019 |
| Печатница | Ропринт |
| 300 ## - Физическа характеристика | |
| Страници | 264 с. , 158 с. |
| Размери/Мащаб | 22 см |
| 380 ## - Жанр | |
| Жанр | Худож. лит. |
| 500 ## - Общи забележки | |
| Забележка | Втората кн. е отпеч. на обратната страна със самостоятелна загл. с. и паг. |
| 700 ## - Други автори (авторска отговорност) | |
| 9 (RLIN) | 1311 |
| Лично име | Генов, Иван |
| Автороска отговорност (Описва отношението между автора и произведението) | ред. |
| 700 ## - Други автори (авторска отговорност) | |
| 9 (RLIN) | 385538 |
| Лично име | Антонова, Десислава |
| Автороска отговорност (Описва отношението между автора и произведението) | науч. ред. |
| 852 ## - Местоположение | |
| Форматна сигнатура | Цб 299798 |
| 999 ## - СИСТЕМНИ КОНТРОЛНИ НОМЕРА | |
| Koha biblionumber | 348440 |
| Koha biblioitemnumber | 348440 |
| 942 ## - АРТИКУЛИ | |
| Вид на библиотечния материал | Книги |
| Скрит в OPAC | Не |
| Периодичен библиозапис | Да |
| Koha issues (borrowed), all copies | 67 |
| 944 ## - СЪЗДАВАНЕ И РЕДАКЦИЯ на ЗАПИСА | |
| Създаване/Редакция | Създаване |
| Дата на регистрацията/редакция | 2020-02-05 |
| Служител, извършил регистрацията/редакцията | 30542 |
| Статус, дата на статуса | Русанова Ирена |
| 999 ## - СИСТЕМНИ КОНТРОЛНИ НОМЕРА | |
| Koha biblioitemnumber | 348440 |
| 999 ## - СИСТЕМНИ КОНТРОЛНИ НОМЕРА | |
| Koha biblioitemnumber | 348440 |
| Код за отписване | Код за изгубен артикул | Източник на класификационната схема | Код за повреда | Коз за рестрикции | Код за отдаване | Артикулен № | Име на библиотеката - собственик | Име на библиотеката, в която се намира в момента | Статус (Текущо местоположение) | Дата на вписване в системата | Местоположение - отдел | Цена в лева | Систематично азбучна сигнатура | Баркод | Цена в евро | Служебен тип на артикула | Инвентарен номер |
|---|---|---|---|---|---|---|---|---|---|---|---|---|---|---|---|---|---|
| Не е изгубен | Universal Decimal Classification | Не е повреден | без рестрикции | заемане за дома | 755134 | Регионална библиотека "Любен Каравелов" Русе | Регионална библиотека "Любен Каравелов" Русе | Заемна - подръчен фонд | 2020-02-06 | Заемна - подръчен фонд | 15.00 | П 886.7-31/Ф 50 | 120000842396 | 7.67 | Книги | ||
| Не е изгубен | Universal Decimal Classification | Не е повреден | без рестрикции | заемане за дома | 755135 | Регионална библиотека "Любен Каравелов" Русе | Регионална библиотека "Любен Каравелов" Русе | Заемна - подръчен фонд | 2020-02-06 | Заемна - подръчен фонд | 15.00 | П 886.7-31/Ф 50 | 120000842398 | 7.67 | Книги | ||
| Не е изгубен | Universal Decimal Classification | Не е повреден | без рестрикции | заемане за дома | 755136 | Регионална библиотека "Любен Каравелов" Русе | Регионална библиотека "Любен Каравелов" Русе | Заемна - подръчен фонд | 2020-02-06 | Заемна - подръчен фонд | 15.00 | П 886.7-31/Ф 50 | 120000842397 | 7.67 | Книги | ||
| Не е изгубен | Universal Decimal Classification | Не е повреден | само за читалня | ползва се в читалня | 780213 | Регионална библиотека "Любен Каравелов" Русе | Регионална библиотека "Любен Каравелов" Русе | Хранилище | 2020-07-03 | Хранилище | 20.00 | Цб 299798 | 120000844550 | 10.23 | Книги | 120000844550 |